Landkreise und kreisfreie Städte in Schleswig-Holstein - Statistiken

Allgemein
  • Dieses Quiz wurde 1.377 mal gespielt
    791 seit der letzten Aktualisierung
  • Das Durchschnittsergebnis liegt bei 11 aus 15
Antwortstatistiken
Kreise und Städte % Korrekt
Kiel
98%
Schleswig-Flensburg
98%
Flensburg
97%
Lübeck
93%
Nordfriesland
82%
Neumünster
76%
Pinneberg
73%
Rendsburg-Eckernförde
72%
Ostholstein
71%
Dithmarschen
65%
Plön
65%
Segeberg
63%
Herzogtum-Lauenburg
59%
Steinburg
51%
Stormarn
50%
Keine übereinstimmenden Quizze gefunden
Verteilung der Resultate
Anzahl Personen mit jedem Resultat
Perzentil nach korrekt beantworteten Fragen
Ihre Resultats-Entwicklung
Sie haben dieses Quiz seit der letzten Aktualisierung nicht gespielt